| 000 | 00688cab a2200217 4500 | ||
|---|---|---|---|
| 001 | ABS37828 | ||
| 008 | 090401t1987 xxu||||| |||| 00| 0 eng d | ||
| 035 | _a(Sirsi) u6968 | ||
| 041 | _aeng | ||
| 110 |
_aRoyal Institution of Chartered Surveyors _bInsurance Services _9643 |
||
| 245 | _aWhat price project management? | ||
| 260 | _c1987 | ||
| 350 | _a0 | ||
| 490 |
_aChartered Quantity Surveyor _v9(10) June 1987, 28(1) |
||
| 520 | _aA brief article which examines the problem of professional indemnity insurance for project management companies. | ||
| 650 | _aBUILDING INDUSTRY | ||
| 650 | _aQUANTITY SURVEYORS | ||
| 690 |
_aINSURANCE _96249 |
||
| 942 | _n0 | ||
| 948 | _c04/03/1997 | ||
| 999 |
_c4150 _d4150 |
||